Derecho administrativo y globalización

Պահպանված է:
Մատենագիտական մանրամասներ
Հիմնական հեղինակ: Alli Aranguren, Juan-Cruz (Հեղինակ)
Ձևաչափ: Գիրք
Լեզու:իսպաներեն
Հրապարակվել է: Madrid Civitas 2004
Հրատարակություն:1a. ed
Շարք:Monografías
Խորագրեր:
Ցուցիչներ: Ավելացրեք ցուցիչ
Չկան պիտակներ, Եղեք առաջինը, ով նշում է այս գրառումը!

MARC

LEADER 00000nam a2200000 a 4500
001 UCL8371
003 CL-VaPUC
008 040618e20040000SP |||||||||||||||||spa|d
020 |a 8447021297 
082 0 4 |a 342.46  |b ALL  |2 21 
100 0 |a Alli Aranguren, Juan-Cruz  |e author  |9 486320 
245 1 0 |a Derecho administrativo y globalización 
250 |a 1a. ed 
300 |a 393 p 
942 |c BK 
945 |d 20040618 00:00:00  |a cmena 
260 |a Madrid  |b Civitas  |c 2004 
650 0 |a Derecho administrativo  |9 254851 
650 7 |a DERECHO ADMINISTRATIVO ESPAÑOL  |2 CL-VaPUC  |9 482261 
650 0 |a Historia del derecho  |9 255109 
650 0 |a Filosofía del derecho   |9 255050 
650 0 |a Globalización  |9 361930 
650 0 |a Derecho económico   |9 259197 
651 0 |a España  |9 254926 
583 |a last modification  |c 20040618 00:00:00  |k Rodrigo Vera 
490 0 |a Monografías 
999 |c 309710  |d 309708 
952 |0 0  |1 0  |4 0  |6 342_460000000000000_ALL_2004  |7 0  |8 A  |9 377430  |a BIBDER  |b BIBDER  |d 2019-11-21  |i 4028600  |l 7  |o 342.46 ALL 2004  |p 4028600  |r 2023-01-25  |s 2021-04-28  |w 2019-11-21  |y BK  |k DER